000 00320nam a2200121Ia 4500
008 220120s9999||||xx |||||||||||||| ||und||
082 _a530 AYA
100 _aAyachot, N.M
_911719
245 0 _aEngineering physics
260 _aIK international
_bBangalore
_c2010
300 _a382p.
_b200
650 _aPROGRAMMING LANGUAGE
999 _c136939
_d136939